000 00228nam a2200085Ia 4500
008 180219s9999 xx 000 0 und d
100 _aMishra B K
245 0 _aTeaching And Issued In Indian Education
260 _aVinay Rakheja R. Lall Meerut
260 _c2013
999 _c42211
_d42211